Statistiques concernant Liste des 26 bleus - Euro 2020

Cliquez ici pour prendre le quiz!

Statistiques générales

  • Ce quiz a été pris 218 fois
  • Le résultat moyen est 20 sur 26

Statistiques - réponses

PosteRéponse% Correct
GardienLloris
99%
MilieuKanté
96%
AttaquantMbappé
96%
MilieuPogba
96%
DéfenseurPavard
95%
AttaquantBenzema
94%
DéfenseurVarane
94%
AttaquantGriezmann
93%
DéfenseurHernandez
93%
GardienMandanda
92%
AttaquantGiroud
89%
GardienMaignan
83%
AttaquantDembélé
82%
DéfenseurKimpembe
82%
MilieuRabiot
80%
AttaquantComan
76%
DéfenseurDigne
70%
DéfenseurKoundé
65%
AttaquantBen Yedder
64%
DéfenseurLenglet
64%
MilieuTolisso
62%
AttaquantThuram
55%
DéfenseurDubois
54%
MilieuSissoko
49%
MilieuLemar
48%
DéfenseurZouma
40%

Distribution des résultats

Percentile par nombre de réponses

% des personnes avec chaque résultat

Votre développement - résultats

Vous n’avez pas pris ce quiz